[Event "GER-ch Seniors 65 31st"]
[Site "Radebeul"]
[Date "2019.05.02"]
[Round "7"]
[White "Juergens, Peter1111"]
[Black "Fauth, Frank"]
[Result "1/2-1/2"]
[WhiteElo "1899"]
[BlackElo "1671"]
[PlyCount "59"]
[EventDate "2019.04.26"]
[EventType "swiss"]
[EventRounds "9"]
[EventCountry "GER"]
[SourceTitle "CBM 190 Extra"]
[Source "ChessBase"]
[SourceDate "2019.07.15"]
[SourceVersion "1"]
[SourceVersionDate "2019.07.15"]
[SourceQuality "1"]

1. d4 d5 2. Nf3 Nf6 3. Bf4 e6 4. e3 c5 5. c3 Be7 6. h3 0-0 7. Nbd2 b6 8. Be2 c4 9. 0-0 b5 10. a3 Nc6 11. Qc2 a5 12. e4 dxe4 13. Nxe4 Bb7 14. Nfg5 g6 15. Nxf6+ Bxf6 16. Ne4 e5 17. dxe5 Bxe5 18. Bh6 Bg7 19. Bxg7 Kxg7 20. Nc5 Qc7 21. Nxb7 Qxb7 22. Bf3 Rac8 23. Rad1 Qc7 24. Bxc6 Qxc6 25. Rd4 Rfe8 26. Rfd1 Re6 27. Qd2 Rce8 28. Qf4 Qc5 29. Rd5 Qc6 30. Qd4+ 1/2-1/2

[Event "GER-ch Seniors 65 31st"]
[Site "Radebeul"]
[Date "2019.04.26"]
[Round "1"]
[White "Schmidt, Joerg"]
[Black "Fauth, Frank"]
[Result "1/2-1/2"]
[WhiteElo "2016"]
[BlackElo "1671"]
[PlyCount "44"]
[EventDate "2019.04.26"]
[EventType "swiss"]
[EventRounds "9"]
[EventCountry "GER"]
[SourceTitle "CBM 190 Extra"]
[Source "ChessBase"]
[SourceDate "2019.07.15"]
[SourceVersion "1"]
[SourceVersionDate "2019.07.15"]
[SourceQuality "1"]

1. e4 d5 2. exd5 Qxd5 3. Nf3 Bg4 4. Be2 Nf6 5. d4 e6 6. 0-0 c6 7. c4 Qa5 8. Nc3 Bb4 9. Qb3 Nbd7 10. a3 Bxc3 11. bxc3 Qb6 12. Qc2 Bf5 13. Bd3 Bxd3 14. Qxd3 0-0 15. Bf4 Rfe8 16. c5 Qd8 17. Qc4 b6 18. cxb6 Nxb6 19. Qb3 Qd5 20. Qb4 Nfd7 21. Rfd1 c5 22. dxc5 Qxc5 1/2-1/2